|
|
|
|
| LEADER |
00891nam a2200265 a 4500 |
| 001 |
c000140519 |
| 003 |
CARM |
| 005 |
19940308000000.0 |
| 008 |
700622s1970 nyu b 001 0 eng |
| 019 |
1 |
|
|a 554289
|z 23882205
|5 LACONCORD2021
|
| 035 |
|
|
|a (OCoLC)79582
|5 LACONCORD2021
|
| 040 |
|
|
|a LC
|b eng
|c LC
|d ABN:1
|
| 050 |
0 |
0 |
|a BF455
|b .N45 1970
|
| 082 |
0 |
4 |
|a 153.4/2
|
| 100 |
1 |
|
|a Nettler, Gwynn.
|
| 245 |
1 |
0 |
|a Explanations.
|
| 260 |
|
|
|a New York,
|b McGraw-Hill
|c [1970]
|
| 300 |
|
|
|a x, 237 p.
|c 22 cm.
|
| 490 |
0 |
|
|a McGraw-Hill series in sociology
|
| 504 |
|
|
|a Bibliography, p. 215-233.
|
| 650 |
|
0 |
|a Communication.
|
| 650 |
|
0 |
|a Exposition (Rhetoric)
|
| 852 |
8 |
|
|b CARM
|h A2:AG01C0
|i B01868
|p 0081118
|f BK
|
| 999 |
f |
f |
|i 964178a2-135a-53c9-a169-6bb3ed597b67
|s 169085b1-c6ce-59bf-b92b-84258e7268c1
|
| 952 |
f |
f |
|p Can circulate
|a CAVAL
|b CAVAL
|c CAVAL
|d CARM 1 Store
|e B01868
|f A2:AG01C0
|h Other scheme
|i book
|m 0081118
|